000 00838cam a22002777a 4500
003 CHAP
005 20220817041014.0
008 971013s1989 r 00010 d
010 _a4420
011 _a5392
035 _a4599
040 _cCHAP
082 _a639.7
_bS4
111 0 0 _aSeminario sobre Acuacultura en el Estado de Tabasco
_n(1 :
_d1989 :
_cVillahermosa, Tab.)
_9104260
245 0 _aPonencias
260 _aVillahermosa, Tab. :
_bUniversidad Juárez Autónoma de Tabasco,
_c1989
300 _a88 p.
590 _aBATCH-UPD
_b10
_c20130110
_lUCH01
_h1042
590 _aCONVERSION
_b10
_c20130109
_lUCH01
_h1304
650 1 4 _aAcuicultura
_xCongresos.
650 1 4 _aPiscicultura
_xTabasco.
_988549
710 0 _aPEMEX.
_986658
901 _aBK
942 _cLIBRO
949 _a639.7 S4
_bBC
_cLIBRO
_d-14146
_eLIBRO
_h81096
_i4599
_si
999 _c4420
_d4420